| 000 | 00444nam a22001457a 4500 | ||
|---|---|---|---|
| 005 | 20250606035514.0 | ||
| 008 | 250606b |||||||| |||| 00| 0 eng d | ||
| 020 | _a9789551355012 | ||
| 082 |
_222 _a305 |
||
| 245 | _aWathujana Yaapathata | ||
| 260 |
_aRajagiriya _bSantheshaiya Publishers _c2006 |
||
| 300 | _a75 p ., | ||
| 500 | _aA study on the Socio- economic situation, youth unemployment and waste lands in the plantation sector | ||
| 942 | _cL | ||
| 999 |
_c6060 _d6060 |
||